000 00963nas a2200313 4500
001 BR2018000978
003 BR-BrBNA
005 20231205131325.0
007 ta
008 230509b bl.|||p| |||| 00| 00por d
040 _aBR-BrBNA
_bpor
_cBiblioteca Nacional de Agricultura
041 _a(En)
072 _aK10 ; U10
100 1 _aAcosta, F.C.
100 1 _aOliveira, D.C. de
100 1 _aArruda, C.
100 1 _aGarcia, M.L.
100 1 _aMelo, R.R. de
245 1 _aOperational performance of the selective cutting of trees with chainsaw
650 _aFLORESTA
650 _aMANEJO
650 _aPRODUÇÃO FLORESTAL
650 _aSILVICULTURA
650 _aMODELO MATEMÁTICO
773 0 _tFloresta e Ambiente (Brazil)
_xISSN 2179-8087
_g(2018), v. 25(3) p. 1-9
_wBR2018000978
856 4 0 _uhttp://www.scielo.br/pdf/floram/v25n3/2179-8087-floram-25-3-e20160239.pdf
909 _a202311
_bLúcia
_c55
_dLúcia Elande
942 _2AGRIS
_n0
_cANA
999 _c254189
_d254189